[Event "Leipzig VfB op 14th"]
[Site "Leipzig"]
[Date "2007.03.20"]
[Round "1"]
[White "Kuersten, Ruediger"]
[Black "Scholbach, Jonathan"]
[Result "1-0"]
[WhiteElo "2100"]
[BlackElo "1616"]
[PlyCount "53"]
[EventDate "2007.03.20"]
[EventType "swiss"]
[EventRounds "9"]
[EventCountry "GER"]
[SourceTitle "EXT 2008"]
[Source "ChessBase"]
[SourceDate "2007.11.25"]
[SourceVersion "1"]
[SourceVersionDate "2007.11.25"]
[SourceQuality "1"]

1. Nf3 d5 2. g3 Nf6 3. Bg2 c5 4. 0-0 Nc6 5. d4 e6 6. c4 dxc4 7. Qa4 Be7 8. dxc5 Qa5 9. Nc3 Qxa4 10. Nxa4 Bd7 11. Bd2 Ne4 12. Be3 f5 13. Rac1 Na5 14. Nc3 Nxc5 15. Ne5 Rc8 16. Rfd1 Bc6 17. Bxc6+ Nxc6 18. Nxc4 Rd8 19. Rxd8+ Kxd8 20. Nb5 Ne4 21. Nxa7 Nxa7 22. Bxa7 Bf6 23. f3 Ng5 24. b3 Ke7 25. Bc5+ Kd7 26. a4 Rc8 27. Nb6+ 1-0

[Event "Leutersdorf Muench Braeu op 12th"]
[Site "Leutersdorf"]
[Date "2007.02.14"]
[Round "7"]
[White "Skiba, Marta"]
[Black "Scholbach, Jonathan"]
[Result "0-1"]
[WhiteElo "1600"]
[BlackElo "1558"]
[PlyCount "50"]
[EventDate "2007.02.10"]
[EventType "swiss"]
[EventRounds "7"]
[EventCountry "GER"]
[SourceTitle "EXT 2008"]
[Source "ChessBase"]
[SourceDate "2007.11.25"]
[SourceVersion "1"]
[SourceVersionDate "2007.11.25"]
[SourceQuality "1"]

1. e4 e5 2. Nf3 Nc6 3. Bb5 a6 4. Ba4 Nf6 5. 0-0 b5 6. Bb3 Be7 7. Re1 d6 8. h3 0-0 9. c3 Bb7 10. d4 exd4 11. cxd4 Nd7 12. e5 dxe5 13. dxe5 Na5 14. e6 Nxb3 15. Qxb3 Nc5 16. exf7+ Rxf7 17. Qe3 Bxf3 18. gxf3 Qd7 19. f4 Bd6 20. Qc3 Ne6 21. Qf3 Raf8 22. f5 Rxf5 23. Qb3 Rxf2 24. Rxe6 Rf1+ 25. Kg2 R8f2# 0-1

[Event "Leutersdorf Muench Braeu op 12th"]
[Site "Leutersdorf"]
[Date "2007.02.11"]
[Round "3"]
[White "Scholbach, Jonathan"]
[Black "Bogdanovich, Grigory Grigorievic"]
[Result "0-1"]
[WhiteElo "1558"]
[BlackElo "2359"]
[PlyCount "82"]
[EventDate "2007.02.10"]
[EventType "swiss"]
[EventRounds "7"]
[EventCountry "GER"]
[SourceTitle "EXT 2008"]
[Source "ChessBase"]
[SourceDate "2007.11.25"]
[SourceVersion "1"]
[SourceVersionDate "2007.11.25"]
[SourceQuality "1"]

1. e4 c5 2. Nc3 Nc6 3. f4 g6 4. Nf3 Bg7 5. Bb5 b6 6. Bxc6 dxc6 7. d3 Nf6 8. 0-0 0-0 9. Nh4 Ng4 10. Kh1 e5 11. Nf3 exf4 12. Bxf4 f5 13. exf5 Bxf5 14. Qd2 Qd7 15. Rae1 Rad8 16. Bg5 Rde8 17. Rxe8 Rxe8 18. Re1 h6 19. Rxe8+ Qxe8 20. h3 hxg5 21. hxg4 Bxg4 22. Nxg5 Bf5 23. b3 Bh6 24. Nce4 Qe7 25. Qf4 Kg7 26. Qg3 b5 27. Nf3 Bxe4 28. dxe4 Qxe4 29. Qe5+ Qxe5 30. Nxe5 Bf4 31. Nxc6 a6 32. Ne7 Kf6 33. Nd5+ Ke5 34. Ne7 g5 35. Ng6+ Kd4 36. Kg1 Kc3 37. g4 Bd6 38. Kf2 Kxc2 39. Nh8 Kb2 40. Nf7 Be7 41. Ne5 Kxa2 0-1

[Event "Leutersdorf Muench Braeu op 08th"]
[Site "Leutersdorf"]
[Date "2003.02.16"]
[Round "9"]
[White "Scholbach, Jonathan"]
[Black "Nagel, Gerhard"]
[Result "0-1"]
[WhiteElo "1436"]
[BlackElo "1880"]
[PlyCount "106"]
[EventDate "2003.02.12"]
[EventType "swiss"]
[EventRounds "9"]
[EventCountry "GER"]
[SourceTitle "CBM 092 Extra"]
[Source "ChessBase"]
[SourceDate "2003.03.07"]
[SourceVersion "1"]
[SourceVersionDate "2003.03.07"]
[SourceQuality "1"]

1. e4 e5 2. Nf3 Nc6 3. Nc3 Nf6 4. Bb5 d6 5. 0-0 Be7 6. d4 exd4 7. Nxd4 Bd7 8. Bxc6 bxc6 9. Qf3 Bg4 10. Qg3 Qd7 11. f3 c5 12. Nde2 Be6 13. Qxg7 0-0-0 14. Qh6 Rhg8 15. Qe3 Nh5 16. f4 Bh3 17. Rf2 Bh4 18. g3 Qc6 19. Kh1 Bf6 20. Nd5 Rde8 21. Qf3 Bg4 22. Qg2 Bd7 23. c4 Bh8 24. Rb1 Nf6 25. Nec3 Ng4 26. Re2 Qa6 27. e5 Bc6 28. h3 Nh6 29. exd6 cxd6 30. Rxe8+ Rxe8 31. Bd2 Nf5 32. Kh2 Kd7 33. Ne4 Bxd5 34. cxd5 Qxa2 35. Qh1 Nd4 36. Bc3 f5 37. Bxd4 Rxe4 38. Bf2 Re2 39. Qf1 Rxf2+ 40. Qxf2 Qxb1 41. Qe3 Qxb2+ 42. Kh1 Qb1+ 43. Kh2 Qe4 44. Qd2 Bd4 45. Qa2 Qe7 46. Qa4+ Kd8 47. Qa2 Ke8 48. Qa4+ Kf8 49. Qd1 Kg7 50. Qh5 a5 51. Qd1 a4 52. Qc2 a3 53. Qa2 Qe3 0-1

[Event "Leutersdorf Muench Braeu op 08th"]
[Site "Leutersdorf"]
[Date "2003.02.13"]
[Round "4"]
[White "Scholbach, Jonathan"]
[Black "Braunstein, Fabian"]
[Result "0-1"]
[WhiteElo "1436"]
[BlackElo "1453"]
[PlyCount "54"]
[EventDate "2003.02.12"]
[EventType "swiss"]
[EventRounds "9"]
[EventCountry "GER"]
[SourceTitle "CBM 092 Extra"]
[Source "ChessBase"]
[SourceDate "2003.03.07"]
[SourceVersion "1"]
[SourceVersionDate "2003.03.07"]
[SourceQuality "1"]

1. e4 g6 2. d4 Bg7 3. Nf3 d6 4. c4 Nf6 5. Nc3 0-0 6. Be2 Nc6 7. 0-0 e5 8. d5 Ne7 9. h3 Ne8 10. Be3 f5 11. exf5 gxf5 12. Qc2 f4 13. Bd2 Kh8 14. Ng5 Ng6 15. Nxh7 Kxh7 16. Bd3 Qg5 17. Ne4 Qh6 18. g4 Kh8 19. Kh2 Bxg4 20. Rh1 Rg8 21. Nxd6 Nxd6 22. Bxg6 Bf6 23. Bd3 Bxh3 24. Bg6 Rxg6 25. Qxg6 Qxg6 26. Kxh3 Kg7 27. Rhg1 Rh8# 0-1

[Event "Leutersdorf Muench Braeu op 07th"]
[Site "Leutersdorf"]
[Date "2002.02.13"]
[Round "3"]
[White "Beltz, Carmen"]
[Black "Scholbach, Jonathan"]
[Result "0-1"]
[WhiteElo "1444"]
[BlackElo "1206"]
[PlyCount "92"]
[EventDate "2002.02.11"]
[EventType "swiss"]
[EventRounds "9"]
[EventCountry "GER"]
[SourceTitle "CBM 086 Extra"]
[Source "ChessBase"]
[SourceDate "2002.03.14"]
[SourceVersion "1"]
[SourceVersionDate "2002.03.14"]
[SourceQuality "1"]

1. e4 e5 2. Nf3 Nc6 3. d4 exd4 4. Nxd4 Qh4 5. Nxc6 Qxe4+ 6. Qe2 Qxe2+ 7. Bxe2 dxc6 8. Nc3 Bf5 9. Bf4 Bd6 10. Bxd6 cxd6 11. 0-0-0 0-0-0 12. Rhe1 Nf6 13. Bf3 d5 14. Re5 Bg6 15. Re7 Rhe8 16. Ree1 Rxe1 17. Rxe1 Re8 18. Rd1 Bh5 19. Bxh5 Nxh5 20. g3 Nf6 21. h3 Ne4 22. Re1 Kd7 23. Nxe4 Rxe4 24. Rf1 Ke6 25. Kd2 Kf5 26. Kd3 Re6 27. Kd4 Kg5 28. a3 f5 29. Kd3 f4 30. b3 f3 31. Rd1 Kf5 32. Rc1 g5 33. Rd1 h5 34. Rc1 g4 35. h4 Re2 36. Rf1 Ke5 37. a4 a6 38. c4 dxc4+ 39. Kxc4 b5+ 40. axb5 axb5+ 41. Kc5 Rc2+ 42. Kb4 Kd4 43. Rd1+ Ke4 44. Rf1 Kd3 45. Ka5 Ke2 46. Rh1 Rd2 0-1

[Event "Leipzig VfB op 08th"]
[Site "Leipzig"]
[Date "2001.02.22"]
[Round "4"]
[White "Scholbach, Jonathan"]
[Black "Fuchs, Judith"]
[Result "0-1"]
[WhiteElo "255"]
[BlackElo "1050"]
[PlyCount "96"]
[EventDate "2001.02.20"]
[EventType "swiss"]
[EventRounds "9"]
[EventCountry "GER"]
[SourceTitle "EXT 2008"]
[Source "ChessBase"]
[SourceDate "2007.11.25"]
[SourceVersion "1"]
[SourceVersionDate "2007.11.25"]
[SourceQuality "1"]

1. e4 c5 2. Nf3 d6 3. d4 cxd4 4. Nxd4 Nf6 5. Nc3 g6 6. f3 Bg7 7. Be3 0-0 8. Qd2 Nc6 9. 0-0-0 Qa5 10. Nb3 Qc7 11. Qf2 a6 12. Bb6 Qb8 13. Bc4 Nd7 14. Nd5 Nxb6 15. Nxb6 Qa7 16. Rdf1 Rb8 17. g4 Re8 18. h4 Ne5 19. Nd2 Nd7 20. Nxd7 Qxf2 21. Rxf2 Bxd7 22. h5 g5 23. f4 gxf4 24. Rxf4 e6 25. g5 Re7 26. Rhf1 Rf8 27. R4f2 Rfe8 28. Nf3 b5 29. Bd3 e5 30. a4 Ra8 31. axb5 Bxb5 32. Bxb5 axb5 33. h6 Bf8 34. Nh4 Rd7 35. Rf6 Raa7 36. Kb1 Ra4 37. b3 Rxe4 38. g6 hxg6 39. Nxg6 fxg6 40. Rxf8+ Kh7 41. Rh1 Rf4 42. Rb8 b4 43. Kb2 g5 44. c3 Rf2+ 45. Kc1 bxc3 46. b4 Ra7 47. Kb1 c2+ 48. Kb2 c1Q+ 0-1